Mi libro de segundo : parte 1 :
Saved in:
| Corporate Author: | |
|---|---|
| Other Authors: | |
| Format: | Book |
| Language: | Spanish |
| Published: |
México:
SEP. Comisión Nacional de los Libros de Texto Gratuitos,
1989.
|
| Edition: | 9a. ed. |
| Textbook Catalogue: | MANES: Library Catalog Search Result |
| Textbook Classification: |
|
| Online Access: | CONALITEG |
| Tags: |
Add Tag
No Tags, Be the first to tag this record!
|
| Added to: | 2005-10-27 |
| Changed in: | 2025-05-08 |
MARC
| LEADER | 00000cam a2200000 4500 | ||
|---|---|---|---|
| 003 | OSt | ||
| 005 | 20250508092016.0 | ||
| 008 | 051028n1989 mx f 000 0 spa u | ||
| 020 | |a 9682901367 | ||
| 040 | |a CINV |c CINV | ||
| 050 | 0 | 4 | |a LTG LB1561 |b M49 2º 1989 |
| 051 | 0 | 4 | |a LTG LB1561-M49 2º 1989 |
| 110 | 2 | |a México. |b Dirección General Adjunta de Contenidos y Métodos Educativos. |9 41777 | |
| 245 | 1 | 0 | |a Mi libro de segundo : |b parte 1 : / |c Dirección General Adjunta de Contenidos y Métodos Educativos. |
| 250 | |a 9a. ed. | ||
| 260 | |a México: |b SEP. Comisión Nacional de los Libros de Texto Gratuitos, |c 1989. | ||
| 300 | |a v.: |b il.; |c 26 cm. | ||
| 500 | |a "Libros de texto". |a "Libros de texto integrados". | ||
| 502 | |a Encuadernado con : Mi libro de segundo grado : parte 1, en la contraportada dice: 2a. ed. de 1984. En el colofón dice: 7a. reimp. de 1989 -- Libro para el maestro: segundo grado, en la contraportada dice: 1a. ed. de 1981. En el colofón dice: 9a ed. de 1989. | ||
| 546 | |a México | ||
| 561 | |5 mx-CINVES |a México. DIE-Cinvestav (Ciudad de México) |k MANES | ||
| 690 | 0 | |a EyL |a EA |a MATE |a CS |a CN |a EF | |
| 690 | |a ECS | ||
| 691 | 0 | |a PRI | |
| 700 | 1 | |a Block Sevilla, David Francisco. |d 1954- |9 41778 | |
| 710 | 2 | |a México. |b Dirección General Adjunta de Contenidos y Métodos Educativos. |9 41777 | |
| 740 | |a Libro para el maestro: segundo grado | ||
| 856 | |3 CONALITEG |u https://historico.conaliteg.gob.mx/content/restricted/libros/carrusel.jsf?idLibro=112#page/1 | ||
| 910 | |a E-21169 |a E-21168(ej.2) | ||
| 942 | |2 lcc |c BK | ||
| 999 | |c 54366 |d 54366 | ||
| 999 | |c manes:54366 |d 54366 | ||